| 000 | 00780nam a2200253Ia 4500 | ||
|---|---|---|---|
| 003 | OSt | ||
| 005 | 20221005033317.0 | ||
| 006 | a|||||r|||| 00| 0 | ||
| 007 | ta | ||
| 008 | 221004b |||||||| |||| 00| 0 eng d | ||
| 020 |
_a9350500019 (hbk) _c1100 |
||
| 024 | _a115754 | ||
| 037 |
_b172/2011-12, 10/02/2012, Pioneer Books Distributors _cTextual |
||
| 040 |
_aCRL _cCRL _beng |
||
| 041 |
_2eng _aeng |
||
| 082 | _aV25296:71, Q1 | ||
| 100 | _aSharma A.K. | ||
| 245 | 0 | _aAyodhya case archaeological evidences | |
| 260 |
_aDelhi _bB.R. Publishing Corporation India _c2011 |
||
| 300 |
_a157p. _ccm. |
||
| 650 | _aHISTORY | ||
| 942 |
_hV25296:71, Q1 _cTEXL _2cc |
||
| 999 |
_c941332 _d941332 |
||